Digitazioni di Parole - "Incontrovertibilissimamente" - Statistics

Statistiche generali
  • Questo quiz è stato fatto 30 volte
  • Il punteggio medio è 20 su 27
Statistiche sulle risposte
Lettera % Corretto
C
100%
I
100%
N
100%
N
100%
O
100%
O
100%
R
100%
T
100%
E
95%
R
95%
V
95%
I
84%
T
84%
B
63%
I
63%
L
63%
A
58%
I
58%
I
58%
M
58%
M
58%
S
58%
S
58%
E
47%
E
47%
N
47%
T
47%
Nessun quiz corrispondente trovato
Distribuzione punteggi
Percentuale di utenti per punteggio
Percentile per numero di risposta
I tuoi punteggi nel tempo
Non hai fatto questo quiz